Central Library OPAC University of Rajshahi

ছায়াতীর / (Record no. 44039)

MARC details
000 -LEADER
fixed length control field 00740nam a22002297a 4500
001 - CONTROL NUMBER
control field 44039
003 - CONTROL NUMBER IDENTIFIER
rucl marc code BD-RjUL
005 - DATE AND TIME OF LATEST TRANSACTION
control field 20211209053806.0
008 - FIXED-LENGTH DATA ELEMENTS--GENERAL INFORMATION
fixed length control field 160712r19721962ii ||||| |||| 00| 0 ben d
020 ## - INTERNATIONAL STANDARD BOOK NUMBER
International Standard Book Number : IRs 5.50
035 ## - SYSTEM CONTROL NUMBER
System control number (BD-RjUL)44157
040 ## - CATALOGING SOURCE
Original cataloging agency BD-RjUL
Language of cataloging ben
Transcribing agency BD-RjUL
041 ## - LANGUAGE CODE
Language code of text/sound track or separate title ben
082 ## - DEWEY DECIMAL CLASSIFICATION NUMBER
Edition number 23
Classification number 891.443
Author mark and year JOC 1972
100 ## - MAIN ENTRY--PERSONAL NAME
Personal name জরাসঙ্ক
9 (RLIN) 135268
245 10 - TITLE STATEMENT
Title ছায়াতীর /
Remainder of title জরাসঙ্ক
260 ## - PUBLICATION, DISTRIBUTION, ETC. (IMPRINT)
Place of publication, distribution, etc. কলিকাতা :
Name of publisher, distributor, etc. মিত্র ও ঘোষ,
Date of publication, distribution, etc. ১৯৭২ [১৩৭৯]
300 ## - PHYSICAL DESCRIPTION
Pagination ১৬৮ পৃ. ;
Size ২১ সেমি.
650 ## - SUBJECT ADDED ENTRY--TOPICAL TERM
Topical term or geographic name as entry element বাংলা উপন্যাস
9 (RLIN) 135269
Topical term or geographic name as entry element Bengali Fiction
9 (RLIN) 135270
942 ## - ADDED ENTRY ELEMENTS (KOHA)
Source of classification or shelving scheme Dewey Decimal Classification
Koha item type Books
Holdings
Lost status Source of classification or shelving scheme Damaged status Not for loan Collection code Permanent Location Current Location Shelving location Date acquired Source of acquisition Cost, normal purchase price Total Checkouts Full call number Date last seen Copy number Koha item type
  Dewey Decimal Classification     Non-fiction Central Library, University of Rajshahi Central Library, University of Rajshahi   02/11/1974 Warri Book Centre 5.50   B 891.443 JOC 1972 12/07/2016 C-2 Books